Statistics for Word Puzzles - U.S. State Capitals

Click here to take the quiz!

General Stats

  • This quiz has been taken 29,223 times
  • The average score is 11 of 20

Answer Stats

Word PuzzleSolutionState Capital% Correct
Blood pumping organ + Motor companyHeart + FordHartford
90%
Drum major's stick + French for "red"Baton + RougeBaton Rouge
81%
NaCl + Bigger than a pond + Large townSalt + Lake + CitySalt Lake City
81%
Small + Large stoneLittle + RockLittle Rock
75%
Wealthy + French for "world"Rich + MondeRichmond
70%
Jolly Old St. Nick + Actress DunawaySanta + FayeSanta Fe
67%
___ Arbor + Cider fruit + Not moreAnn + Apple + LessAnnapolis
63%
Male child + Use one's eyesBoy + SeeBoise
63%
Supervisor + 2,000 lbsBoss + TonBoston
62%
Jouster's weapon + Be a vocalistLance + SingLansing
62%
Face card + Closest star to EarthJack + SunJackson
61%
Vernal season + MeadowSpring + FieldSpringfield
61%
Homer's catchphrase + Not underD'oh + OverDover
57%
Foot digit + Summit + Hesitator's soundToe + Peak + UhTopeka
53%
Descendant of Israel + NayJew + NoJuneau
46%
Not at all outgoing + Queen BoleynShy + AnneCheyenne
45%
Bag + Male sheep + One "Freshmaker" mintSack + Ram + MentoSacramento
40%
More than most + Prohibit + Leg jointAll + Ban + KneeAlbany
31%
Opposite of pro + Cable or stringCon + CordConcord
17%
Surcharge + Put the kibosh onFee + NixPhoenix
15%

Score Distribution

Percentile by Number Answered

Percent of People with Each Score

Your Score History

You have not taken this quiz